Vista normal
Vista MARC
Entrada Personal Name
Número de registros utilizados en: 1
001 - CONTROL NUMBER
- control field: 29377
003 - CONTROL NUMBER IDENTIFIER
- control field: OSt
005 - DATE AND TIME OF LATEST TRANSACTION
- control field: 20210310224950.0
008 - FIXED-LENGTH DATA ELEMENTS
- fixed length control field: 210310|| aca||aabn | a|a d
040 ## - CATALOGING SOURCE
- Original cataloging agency: OSt
- Transcribing agency: OSt
100 ## - HEADING--PERSONAL NAME
- Personal name: Sergio Clavijo, Alejandro Vera, Nelson Vera
670 ## - SOURCE DATA FOUND
- Source citation: Work cat.: (OSt): Sergio Clavijo, Alejandro Vera, Nelson Vera , Estrcutura fiscal de colombia y ajustes requeridos (2012/2020), 2013